00843cam a22002654a 4500008004100000020002900041040001500070100002400085245007600109250001800185264006400203300005700267336002600324337002800350338002700378504004100405500001900446650001600465650001600481650002600497650001500523700002100538003000100559005001700560  a9780750674805 (Hardback) aNUSTcNUST1 aBrooks, Clifford W.10aSystem for ophthalmic dispensing /cClifford W. Brooks, Irvin M. Borish aThird edition 1aSt. Louis, Mo. :bButterworth Heinemann / Elsevier,c[2007] axx, 665 pages :billustrations (some color) ;c29 cm atextbtxt2rdacontent aunmediatedbn2rdamedia avolumebnc2rdacarrier aIncludes bibliographical references  aIncludes index 0aOpticianry.12aEyeglasses.22aOptics and Photonics.22aOptometry.1 aBorish, Irvin M.20230120204344.0